| 000 -LEADER |
| fixed length control field |
02138cam a2200469 i 4500 |
| 001 - CONTROL NUMBER |
| control field |
17657968 |
| 005 - DATE AND TIME OF LATEST TRANSACTION |
| control field |
20250725111658.0 |
| 008 - FIXED-LENGTH DATA ELEMENTS--GENERAL INFORMATION |
| fixed length control field |
130313s2013 nyua d 000 1 eng |
| 010 ## - LIBRARY OF CONGRESS CONTROL NUMBER |
| LC control number |
2013007302 |
| 020 ## - INTERNATIONAL STANDARD BOOK NUMBER |
| International Standard Book Number |
9780062220967 |
| Qualifying information |
hardback |
| 035 ## - SYSTEM CONTROL NUMBER |
| System control number |
17657968 |
| 040 ## - CATALOGING SOURCE |
| Original cataloging agency |
DLC |
| Language of cataloging |
eng |
| Transcribing agency |
DLC |
| Description conventions |
rda |
| Modifying agency |
DLC |
| 042 ## - AUTHENTICATION CODE |
| Authentication code |
pcc |
| -- |
lcac |
| 050 00 - LIBRARY OF CONGRESS CALL NUMBER |
| Classification number |
PZ7.R772 |
| Item number |
Asy 2013 |
| 082 00 - DEWEY DECIMAL CLASSIFICATION NUMBER |
| Classification number |
[Fic] |
| Edition number |
23 |
| 084 ## - OTHER CLASSIFICATION NUMBER |
| Classification number |
JUV018000 |
| -- |
JUV028000 |
| -- |
JUV039090 |
| Number source |
bisacsh |
| 100 1# - MAIN ENTRY--PERSONAL NAME |
| Personal name |
Roux, Madeleine, |
| Dates associated with a name |
1985- |
| 9 (RLIN) |
130127 |
| 245 10 - TITLE STATEMENT |
| Title |
Asylum / |
| Statement of responsibility, etc. |
Madeleine Roux. |
| 250 ## - EDITION STATEMENT |
| Edition statement |
First edition. |
| 264 #1 - PRODUCTION, PUBLICATION, DISTRIBUTION, MANUFACTURE, AND COPYRIGHT NOTICE |
| Place of production, publication, distribution, manufacture |
New York, NY : |
| Name of producer, publisher, distributor, manufacturer |
Harper, an imprint of HarperCollinsPublishers, |
| Date of production, publication, distribution, manufacture, or copyright notice |
2013. |
| 300 ## - PHYSICAL DESCRIPTION |
| Extent |
313 pages : |
| Other physical details |
illustrations ; |
| Dimensions |
22 cm |
| 336 ## - CONTENT TYPE |
| Content type term |
text |
| Source |
rdacontent |
| 337 ## - MEDIA TYPE |
| Media type term |
unmediated |
| Source |
rdamedia |
| 338 ## - CARRIER TYPE |
| Carrier type term |
volume |
| Source |
rdacarrier |
| 500 ## - GENERAL NOTE |
| General note |
Sequel: Sanctum. |
| 520 ## - SUMMARY, ETC. |
| Summary, etc. |
"Three teens at a summer program for gifted students uncover shocking secets in the sanatorium-turned-dorm where they're staying--secrets that link them all to the asylum's dark past"-- |
| Assigning source |
Provided by publisher. |
| 650 #1 - SUBJECT ADDED ENTRY--TOPICAL TERM |
| Topical term or geographic name entry element |
Supernatural |
| Form subdivision |
Fiction. |
| 9 (RLIN) |
10339 |
| 650 #1 - SUBJECT ADDED ENTRY--TOPICAL TERM |
| Topical term or geographic name entry element |
Universities and colleges |
| Form subdivision |
Fiction. |
| 9 (RLIN) |
130128 |
| 650 #1 - SUBJECT ADDED ENTRY--TOPICAL TERM |
| Topical term or geographic name entry element |
Mental illness |
| Form subdivision |
Fiction. |
| 9 (RLIN) |
130129 |
| 650 #1 - SUBJECT ADDED ENTRY--TOPICAL TERM |
| Topical term or geographic name entry element |
Haunted places |
| Form subdivision |
Fiction. |
| 9 (RLIN) |
130130 |
| 650 #1 - SUBJECT ADDED ENTRY--TOPICAL TERM |
| Topical term or geographic name entry element |
Psychiatric hospitals |
| Form subdivision |
Fiction. |
| 9 (RLIN) |
130131 |
| 650 #1 - SUBJECT ADDED ENTRY--TOPICAL TERM |
| Topical term or geographic name entry element |
Ability |
| Form subdivision |
Fiction. |
| 9 (RLIN) |
130132 |
| 650 #1 - SUBJECT ADDED ENTRY--TOPICAL TERM |
| Topical term or geographic name entry element |
Mystery and detective stories. |
| 9 (RLIN) |
13726 |
| 650 #7 - SUBJECT ADDED ENTRY--TOPICAL TERM |
| Topical term or geographic name entry element |
JUVENILE FICTION / Horror & Ghost Stories. |
| Source of heading or term |
bisacsh |
| 9 (RLIN) |
130133 |
| 650 #7 - SUBJECT ADDED ENTRY--TOPICAL TERM |
| Topical term or geographic name entry element |
JUVENILE FICTION / Mysteries & Detective Stories. |
| Source of heading or term |
bisacsh |
| 9 (RLIN) |
130134 |
| 650 #7 - SUBJECT ADDED ENTRY--TOPICAL TERM |
| Topical term or geographic name entry element |
JUVENILE FICTION / Social Issues / New Experience. |
| Source of heading or term |
bisacsh |
| 9 (RLIN) |
130135 |
| 655 #7 - INDEX TERM--GENRE/FORM |
| Genre/form data or focus term |
Fiction. |
| Source of term |
lcgft |
| Authority record control number |
https://id.loc.gov/authorities/genreForms/gf2014026339 |
| 906 ## - LOCAL DATA ELEMENT F, LDF (RLIN) |
| a |
7 |
| b |
cbc |
| c |
orignew |
| d |
1 |
| e |
ecip |
| f |
20 |
| g |
y-gencatlg |
| 942 ## - ADDED ENTRY ELEMENTS (KOHA) |
| Source of classification or shelving scheme |
|
| Koha item type |
Book |